Suspense Gene_Malayalam (Record no. 38087)

MARC details
000 -LEADER
fixed length control field 02610nam a22001937a 4500
020 ## - INTERNATIONAL STANDARD BOOK NUMBER
ISBN 9789357329286
082 ## - DEWEY DECIMAL CLASSIFICATION NUMBER
Classification number 920 RAJ
100 ## - MAIN ENTRY--AUTHOR NAME
Personal name Rajad R
245 ## - TITLE STATEMENT
Title Suspense Gene_Malayalam
250 ## - EDITION STATEMENT
Edition statement 1
260 ## - PUBLICATION, DISTRIBUTION, ETC. (IMPRINT)
Name of publisher DC Books
Place of publication Kottayam
Year of publication 2025
300 ## - PHYSICAL DESCRIPTION
Number of Pages Number of pages : 256
500 ## - GENERAL NOTE
General note Category : Novel
520 ## - SUMMARY, ETC.
Summary, etc เดชเดตเดฟเดคเตเดฐเดฎเด เต เดฎเต†เดกเดฟเด•เตเด•เตฝ เด•เต‹เดณเต‡เดœเดฟเดฒเต† เดธเต€เดจเดฟเดฏเตผ เดธเตผเดœเดจเดพเดฏ เดกเต‹เด•เตเดŸเตผ เด…เดฒเด•เตโ€Œเดธเต เดฎเดฐเดฃเดคเตเดคเต†เด•เตเด•เตเดฑเดฟเดšเตเดšเต เดชเดฑเดžเตเดž เดตเดพเด•เตเด•เตเด•เตพ เด…เดฆเตเดฆเต‡เดนเดคเตเดคเดฟเดจเตเดฑเต† เดœเต‚เดจเดฟเดฏเดฑเดพเดฏ เดนเดฐเต€เดทเต เด…เดคเตเดฐ เด•เดพเดฐเตเดฏเดฎเดพเดฏเต†เดŸเตเดคเตเดคเดฟเดฒเตเดฒ. เดŽเดจเตเดจเดพเตฝ เด’เดฐเดฟเด•เตเด•เตฝ เด†เดถเตเดชเดคเตเดฐเดฟเดฏเดฟเดฒเต† เด‡เดฐเตเดŸเตเดŸเตเดฎเตเดฑเดฟเดฏเดฟเตฝ เด…เดชเตเดฐเดคเต€เด•เตเดทเดฟเดคเดฎเดพเดฏเดฟ เด•เดฃเตเดŸ เดตเดฟเดšเดฟเดคเตเดฐเดฎเดพเดฏ เดฐเต€เดคเดฟเดฏเดฟเตฝ เดคเดฟเดณเด™เตเด™เตเดจเตเดจ เดฎเดจเตเดทเตเดฏ เดถเดตเดถเดฐเต€เดฐเด‚ เด…เดฏเดพเดณเต† เดญเดฏเดชเตเดชเต†เดŸเตเดคเตเดคเดฟ. เดคเดพเตป เด•เดฃเตเดŸเดคเต เดธเดคเตเดฏเดฎเต‹ เดฎเดฟเดฅเตเดฏเดฏเต‹ เดŽเดจเตเดจ เดšเดฟเดจเตเดคเดฏเตเด•เตเด•เดฟเดŸเดฏเดฟเตฝ เดšเตเดฑเตเดฑเตเด‚ เดจเดŸเด•เตเด•เตเดจเตเดจ เดฎเดฐเดฃเด™เตเด™เตพ เด…เดฏเดพเดณเต† เด†เดถเดฏเด•เตเด•เตเดดเดชเตเดชเดคเตเดคเดฟเดฒเดพเด•เตเด•เดฟ. เด…เตผเดฌเตเดฆเดคเตเดคเดฟเดจเต†เดคเดฟเดฐเต‡ เดจเดพเดจเต‹เดฎเดฐเตเดจเตเดจเต เด•เดฃเตเดŸเต†เดคเตเดคเดพเดจเตเดณเตเดณ เดคเดจเตเดฑเต† เดฒเด•เตเดทเตเดฏเดคเตเดคเดฟเตฝเดฎเดพเดคเตเดฐเด‚ เดถเตเดฐเดฆเตเดง เด•เต‡เดจเตเดฆเตเดฐเต€เด•เดฐเดฟเดšเตเดšเต เด…เดฏเดพเตพ เดœเต‹เดฒเดฟ เดคเตเดŸเดฐเดพเตป เดถเตเดฐเดฎเดฟเดšเตเดšเต. เดŽเด™เตเด•เดฟเดฒเตเด‚ เด’เดฐเต เดชเตเดฐเดคเตเดฏเต‡เด• เดธเดพเดนเดšเดฐเตเดฏเดคเตเดคเดฟเตฝ เดฒเด•เตเดทเตเดฏเดชเตเดฐเดพเดชเตเดคเดฟเด•เตเด•เดพเดฏเดฟ เด…เดฏเดพเตพเด•เตเด•เต เดšเดฟเดฒ เดฐเดนเดธเตเดฏเด™เตเด™เตพ เด…เดฑเดฟเดฏเดพเดคเต† เดชเดฑเตเดฑเดฟเดฒเตเดฒ เดŽเดจเตเดจ เดธเตเดฅเดฟเดคเดฟ เดตเดจเตเดจเต- เดกเต‹เด•เตเดŸเตผ เด…เดฒเด•เตโ€Œเดธเต เดšเต†เด•เตเดคเตเดคเดพเดจเต‹ เดฆเตˆเดตเดฎเต‹? เด‰เดคเตเดคเดฐเด‚ เดŽเดจเตเดคเตเดคเดจเตเดจเต†เดฏเดพเดฏเดพเดฒเตเด‚ เด† เดฎเดฐเดฃเด™เตเด™เตพ เด…เดฏเดพเดณเตเดŸเต† เดœเต€เดตเดฟเดคเดคเตเดคเต† เดฎเดพเดฑเตเดฑเดฟเดฎเดฑเดฟเด•เตเด•เตเด•เดคเดจเตเดจเต† เดšเต†เดฏเตเดคเต! เด•เต‹เดตเดฟเดกเต เด•เดพเดฒเด˜เดŸเตเดŸเดคเตเดคเดฟเดฒเต‚เดŸเต† เด•เดŸเดจเตเดจเตเดชเต‹เด•เตเดจเตเดจ เดฎเต†เดกเดฟเด•เตเด•เตฝ เดธเดธเตโ€Œเดชเต†เตปเดธเต เดจเต‹เดตเตฝ.
546 ## - LANGUAGE NOTE
Language note Language : Malayalam
650 ## - SUBJECT ADDED ENTRY--TOPICAL TERM
Topical Term GEN
942 ## - ADDED ENTRY ELEMENTS (KOHA)
Koha item type Text Book
952 ## - LOCATION AND ITEM INFORMATION (KOHA)
Damaged status
Not for loan
Holdings
Withdrawn status Collection code Permanent Location Current Location Date acquired Source of acquisition Cost, normal purchase price Inventory number Full call number Accession Number Price effective from Koha item type
  GENERAL VAST Central Library VAST Central Library 25/11/2025 Dc Bookshop,Thrissur 310.00 000729 920 RAJ 38224 17/12/2025 Text Book